Engineering Mechanics (Record no. 7500)
[ view plain ]
| 000 -LEADER | |
|---|---|
| fixed length control field | 00400nam a22001577a 4500 |
| 005 - DATE AND TIME OF LATEST TRANSACTION | |
| control field | 20200312050521.0 |
| 008 - FIXED-LENGTH DATA ELEMENTS--GENERAL INFORMATION | |
| fixed length control field | 200312b ||||| |||| 00| 0 eng d |
| 020 ## - INTERNATIONAL STANDARD BOOK NUMBER | |
| International Standard Book Number | 9789352164271 |
| 040 ## - CATALOGING SOURCE | |
| Original cataloging agency | bmsca |
| 082 ## - DEWEY DECIMAL CLASSIFICATION NUMBER | |
| Classification number | 620.1 |
| Item number | RAM |
| 100 ## - MAIN ENTRY--PERSONAL NAME | |
| Personal name | Ramamrutham. S |
| Dates associated with a name | author |
| 245 ## - TITLE STATEMENT | |
| Title | Engineering Mechanics |
| Statement of responsibility, etc | S Ramamrutham |
| 250 ## - EDITION STATEMENT | |
| Edition statement | 10th ed / |
| 260 ## - PUBLICATION, DISTRIBUTION, ETC. (IMPRINT) | |
| Name of publisher, distributor, etc | Dhanpat Rai Publishing Company |
| 942 ## - ADDED ENTRY ELEMENTS (KOHA) | |
| Source of classification or shelving scheme | |
| Withdrawn status | Lost status | Source of classification or shelving scheme | Damaged status | Koha normalized classification for sorting | Not for loan | Permanent location | Current location | Date acquired | Full call number | Barcode | Date last seen | Price effective from | Koha item type |
|---|---|---|---|---|---|---|---|---|---|---|---|---|---|
| 620_100000000000000_RAM | BMS College of Architecture, Design and Planning | BMS College of Architecture, Design and Planning | 2020-03-12 | 620.1 RAM | AR-BB153 | 2020-03-12 | 2020-03-12 | Book Bank | |||||
| 620_100000000000000_RAM | BMS College of Architecture, Design and Planning | BMS College of Architecture, Design and Planning | 2020-03-12 | 620.1 RAM | AR-BB154 | 2020-03-12 | 2020-03-12 | Book Bank | |||||
| 620_100000000000000_RAM | BMS College of Architecture, Design and Planning | BMS College of Architecture, Design and Planning | 2020-03-12 | 620.1 RAM | AR-BB155 | 2020-03-12 | 2020-03-12 | Book Bank | |||||
| 620_100000000000000_RAM | BMS College of Architecture, Design and Planning | BMS College of Architecture, Design and Planning | 2020-03-12 | 620.1 RAM | AR-BB156 | 2020-03-12 | 2020-03-12 | Book Bank | |||||
| 620_100000000000000_RAM | BMS College of Architecture, Design and Planning | BMS College of Architecture, Design and Planning | 2020-03-12 | 620.1 RAM | AR-BB157 | 2020-03-12 | 2020-03-12 | Book Bank |